| 000 | 01331nam a2200265Ia 4500 | ||
|---|---|---|---|
| 003 | CO-CtgCURN | ||
| 005 | 20250408165340.0 | ||
| 008 | 190723s9999 xx 000 0 und d | ||
| 020 | _a9586909115 | ||
| 040 |
_aCO-CtgCURN _bspa _ccoctgcurn |
||
| 082 |
_a346.022 _bL523n |
||
| 100 |
_aLehmann, Heinrich _d1876-1963 _eautor _98139 |
||
| 245 | 0 |
_aEl negocio jurídico / _cHeinrich Lehmann |
|
| 260 |
_aBogotá, Colombia : _bLeyer, _c2005 |
||
| 300 |
_a216 páginas ; _c21 centímetros. |
||
| 505 | _aCap.1. Negocio jurídico y declaraciones de voluntad. el sentido de la declaración de voluntad y de la autonomía privada -- Cap.2. Clases de negocios jurídicos -- Cap.3. Elementos del negocio jurídico -- Cap.4. Ineficacia de los negocios jurídicos -- Cap.5. Requisitos del negocio jurídico -- Cap.6. Condición y determinación del tiempo (plazo) -- Cap.7. La representación -- Cap.8. El asentimiento. | ||
| 521 | _aAREA PROFESIONAL | ||
| 590 | _aPrograma de Derecho_18 | ||
| 650 |
_aNegocios jurídicos (Derecho) _98140 |
||
| 650 |
_aObligaciones (Derecho) _98141 |
||
| 942 |
_cBK _h346.022 _iL523n _2ddc _n0 |
||
| 999 |
_c29177 _d29177 |
||